| 000 | 00445nab a2200157 a 4500 | ||
|---|---|---|---|
| 005 | 20240420063857.0 | ||
| 008 | 991125s1985 mx 000 0 spa u | ||
| 035 | _aUPN01000114645 | ||
| 100 | 1 | _aCEDRON, Sandra | |
| 222 | _aLA EDUCACION EN LOS PRIMEROS AÑOS | ||
| 245 | _aIntegración : discriminar para no discriminar | ||
| 300 | _a46-57 | ||
| 362 | 0 | _a2000 Año 3, no. 21 (feb.) | |
| 650 | 4 |
_aEducación especial _93029 |
|
| 905 | _aArticulo | ||
| 999 |
_c88546 _d88546 |
||